01603aam a2200385 450000500170000000800410001702000180005804100080007608200160008410000190010010000230011910000200014224500470016226000360020930000190024530000260026449000220029050504020031250502040071465000180091865000330093665000190096965000180098865000300100665000220103665000210105865000140107965000150109365000150110865000220112365000240114565000170116965000160118665000150120220251015154600.0150309b2008 xxu||||| |||| 00| 0 spa d a9789586773988 aESP a617.6 M938m aMoya, Mauricio aPinzón, Mercedes aForero, Darío aManual de odontología básica integrada aColombiabZamora Editoresc2008 a404 páginas  bIlustraciones a color aMecánica Dental aTomo I: Relaciones humanas. Historia de la odontología. Farmacología. La unidad asistencial odontológica. Funciones del auxiliar de consultorio odontológico. Bioseguridad. Embriología e histología oral. Anatomía del sistema estomatognático. Semiología e historia clínica en salud oral. Primeros auxilios en la unidad aistencial odontológica. Patología oral y maxilofacial. aTomo II: Promoción y prevención. Anestesia. Rehabilitación oral - prostodoncia. Endodoncia. Ortodoncia en la práctica general. Odontopediatría. Periodoncia. Cirugía. Radiología dental.  aODONTOLOGÍA aHISTORIA DE LA ODONTOLOGÍA aFARMACOLOGÍA aEMBRIOLOGÍA aSISTEMA ESTOMATOGNÁTICO aPRIMEROS AUXILIOS aPATOLOGÍA ORAL aANESTESIA aENDODONCIA aORTODONCIA aODONTOPEDIATRÍA aRADIOLOGÍA DENTAL aPROSTODONCIA aPERIODONCIA aSALUD ORAL